Central Library OPAC University of Rajshahi

The sociology of religion / (Record no. 47021)

MARC details
000 -LEADER
fixed length control field 00944nam a2200301 a 4500
001 - CONTROL NUMBER
control field 47021
003 - CONTROL NUMBER IDENTIFIER
rucl marc code BD-RjUL
005 - DATE AND TIME OF LATEST TRANSACTION
control field 20211209054240.0
008 - FIXED-LENGTH DATA ELEMENTS--GENERAL INFORMATION
fixed length control field 160 r20082007cau b 001 0 eng d
020 ## - INTERNATIONAL STANDARD BOOK NUMBER
International Standard Book Number 0761948910
International Standard Book Number 9780761948919
International Standard Book Number 9780761948926 (pbk.)
International Standard Book Number 0761948929 (pbk.)
035 ## - SYSTEM CONTROL NUMBER
System control number (BD-RjUL)47140
040 ## - CATALOGING SOURCE
Original cataloging agency UKM
Transcribing agency UKM
Modifying agency BAKER
-- BWKUK
-- CtY
-- DLC
-- BD-RjUL
Language of cataloging eng
041 ## - LANGUAGE CODE
Language code of text/sound track or separate title eng
082 04 - DEWEY DECIMAL CLASSIFICATION NUMBER
Classification number 306.6
Edition number 23
Author mark and year DAS 2008
100 1# - MAIN ENTRY--PERSONAL NAME
Personal name Davie, Grace.
9 (RLIN) 143208
245 14 - TITLE STATEMENT
Title The sociology of religion /
Statement of responsibility, etc. Grace Davie.
260 ## - PUBLICATION, DISTRIBUTION, ETC. (IMPRINT)
Place of publication, distribution, etc. New Delhi :
Name of publisher, distributor, etc. SAGE Publications India pvt Ltd.,
Date of publication, distribution, etc. c2007 [2008]
300 ## - PHYSICAL DESCRIPTION
Pagination xi, 283 p. ;
Size 25 cm.
490 1# - SERIES STATEMENT
Series statement BSA new horizons in sociology
504 ## - BIBLIOGRAPHY, ETC. NOTE
Bibliography, etc Includes bibliographical references (p. [257]-275) and index.
650 #0 - SUBJECT ADDED ENTRY--TOPICAL TERM
Topical term or geographic name as entry element Religion and sociology.
9 (RLIN) 125120
830 #0 - SERIES ADDED ENTRY--UNIFORM TITLE
Uniform title New horizons in sociology.
942 ## - ADDED ENTRY ELEMENTS (KOHA)
Source of classification or shelving scheme Dewey Decimal Classification
Koha item type Books
Holdings
Lost status Source of classification or shelving scheme Damaged status Not for loan Collection code Permanent Location Current Location Shelving location Date acquired Source of acquisition Cost, normal purchase price Total Checkouts Full call number Date last seen Copy number Koha item type
  Dewey Decimal Classification     Non-fiction Central Library, University of Rajshahi Central Library, University of Rajshahi   14/12/2010 Pragon Enterprize ltd. 350.00   306.6 DAS 2008 06/08/2016 C-2 Books